000 01254naa a22003737a 4500
001 BR8006358
003 BR-BrBNA
005 20240918174702.0
007 ta
008 230509b bl.||||| |||| 00| 0 por d
040 _aBR-BrBNA
_bpor
_cBiblioteca Nacional de Agricultura
041 _a(Pt)
072 _aF00
_b3575
_b1930
090 _aF00 BR8006358
100 1 _aMarcos Filho, J.
111 1 _a6. Simposio sobre Manejo da Pastagem
_cPiracicaba, SP (Brazil)
_d1980
245 1 _aConservacao de sementes de forrageiras [graminea forrageira, teste de sementes, processamento de semente]
260 3 _aPiracicaba, SP (Brasil):
_c1980.
500 _aAnais do 6. Simposio sobre Manejo da Pastagem Piracicaba, SP (Brasil): 1980. p. 7-38 (BR8006358-AM)F00
650 _aPLANTA FORRAGEIRA
650 _aGRAMINEA FORRAGEIRA
650 _aSEMENTE
650 _aCONSERVACAO
650 _aCOLHEITA
650 _aMATURACAO
650 _aSECAGEM
650 _aBENEFICIAMENTO
650 _aEMBALAGEM
650 _aARMAZENAMENTO
650 _aTESTE DE VIGOR
773 0 _tAnais do 6. Simposio sobre Manejo da Pastagem
_wF00 BR8006358
_gPiracicaba, SP (Brasil), 1980. p. 7-38
909 _a202404
_bLucia
_c55
_dLucia Elande
942 _cAM
_2AGRIS
999 _c312863
_d312863